000 00297nam a22001217a 4500
008 160510b xxu||||| |||| 00| 0 eng d
020 _a9780827390713
020 _a0827390718
041 _aeng
080 _a616.31
245 _aDental assisting exam review:
_cMelissa Thibodeaux;
942 _2udc
_cBK
999 _c1930
_d1930